• 首页
  • 本馆介绍
  • 公告通知
  • 最新文献
  • 馆藏检索
  • 电子资源
  • 读者导购
  • 参考咨询
  • 我的图书馆
  • 登录
  • 详细信息显示
  • 放入我的书架
  • 预约/预借图书
  • 作者相关作品
  • 分类相关作品
  • 丛书相关作品
  • 出版社相关作品

书目信息

  • 表格格式
  • 工作单格式
  • 卡片格式
题名:
英汉航海词典
    
 
作者: ;大连海运学院《英汉航海词典》编写组 编
分册:  
出版信息: 北京   人民交通出版社  1980
页数: 718页
开本: 19cm
丛书名:
单 册:
中图分类: U675-61
科图分类:
主题词: 航海--对照词典--英、中
电子资源:
ISBN:
000 00768nam0 2200241 45
001 0180003786
005 20031206120655.3
010    @b精装@dCNY5.00
091    @a15044.5383
100    @a19950605d1980 kemy0chiy0121 ea
101 0  @achi@ceng
102    @aCN@b110000
105    @ay e 000yy
106    @ar
200 10 @a英汉航海词典@Aying han hang hai ci dian@e试用本@f大连海运学院《英汉航海词典》编写组编
210    @a北京@c人民交通出版社@d1980
215    @a718页@d19cm
606    @a航海@x对照词典@x英、中
690    @aU675-61@v3
711 02 @a大连海运学院《英汉航海词典》编写组@Ada lian hai yun xue yuan《 ying han hang hai ci dian》 bian xie zu@4编
801  0 @aCN@b上海图书馆@c20031206
801  2 @aCN@bNLC@c20031206
905    @f3@b152376-378@dU675-61@e36
    
    英汉航海词典:试用本/大连海运学院《英汉航海词典》编写组编.-北京:人民交通出版社,1980
    718页;19cm
    
    
    ISBN (精装):CNY5.00
    
●
相关链接 在E读中查询图书 在五车中查询图书 在当当中查询图书 在豆瓣中查询图书


正题名:英汉航海词典     索取号:U675-61/36         预约/预借

序号 登录号 条形码 馆藏地/架位号 状态 备注
1 0152376   001848905   密集书库/ [索取号:U675-61/36] 在馆    
2 0152377   001848923   密集书库/ [索取号:U675-61/36] 在馆    
3 0152378   001848914   密集书库/ [索取号:U675-61/36] 在馆    
唐山师范学院图书馆 欢迎您!
大连网信软件有限公司© 版权所有